Fr. Conceicao Rodrigues College of Engineering

Datastructures using C (Record no. 30280)

MARC details
000 -LEADER
fixed length control field 00381nam a2200181Ia 4500
082 ## - DEWEY DECIMAL CLASSIFICATION NUMBER
Classification number 5.133
Item number THA
100 ## - MAIN ENTRY--PERSONAL NAME
Personal name Thareja/Reema
250 ## - EDITION STATEMENT
Edition statement 2
245 ## - TITLE STATEMENT
Title Datastructures using C
260 ## - PUBLICATION, DISTRIBUTION, ETC.
Name of publisher, distributor, etc. Oxford university press
Date of publication, distribution, etc. 2014
366 ## - TRADE AVAILABILITY INFORMATION
Publishers's discount category 20
300 ## - PHYSICAL DESCRIPTION
Extent 531
546 ## - LANGUAGE NOTE
Language note ENGLISH
650 ## - SUBJECT ADDED ENTRY--TOPICAL TERM
Topical term or geographic name entry element Datastructures
654 ## - SUBJECT ADDED ENTRY--FACETED TOPICAL TERMS
Focus term datastructures. C
942 ## - ADDED ENTRY ELEMENTS (KOHA)
Koha item type BOOK
Holdings
Withdrawn status Lost status Damaged status Not for loan Collection Home library Current library Date acquired Source of acquisition Cost, normal purchase price Inventory number Total Checkouts Total Renewals Full call number Barcode Date last seen Date last checked out Cost, replacement price Price effective from Koha item type Date due
        CRC Fr. Agnel's C.Rodrigues College of Engineering AGNEL TECHNICAL COLLEGE LIBRARY 17/03/2023 Allied Publisher 448.00 533 dt 25.09.2018 2   5.133 THA 25373 27/01/2026 27/01/2026 560.00   BOOK 06/02/2026
        CRC Fr. Agnel's C.Rodrigues College of Engineering AGNEL TECHNICAL COLLEGE LIBRARY 17/03/2023 Allied Publisher 448.00 533 dt 25.09.2018 7 1 5.133 THA 25375 30/11/2024 13/11/2024 560.00   BOOK  
        CRC Fr. Agnel's C.Rodrigues College of Engineering Fr. Agnel's C.Rodrigues College of Engineering 17/03/2023 Allied Publisher 448.00 533 dt 25.09.2018 8 2 5.133 THA 25371 13/05/2026 27/01/2026 560.00   BOOK  
        CRC Fr. Agnel's C.Rodrigues College of Engineering Fr. Agnel's C.Rodrigues College of Engineering 17/03/2023 Allied Publisher 448.00 533 dt 25.09.2018 8 3 5.133 THA 25372 02/08/2024 02/08/2024 560.00   BOOK 12/08/2024
        CRC Fr. Agnel's C.Rodrigues College of Engineering Fr. Agnel's C.Rodrigues College of Engineering 17/03/2023 Allied Publisher 448.00 533 dt 25.09.2018 11 2 5.133 THA 25374 27/02/2026 17/02/2026 560.00   BOOK